| 000 | 01056nam a2200265Ia 4500 | ||
|---|---|---|---|
| 003 | OSt | ||
| 005 | 20220923213710.0 | ||
| 006 | a|||||r|||| 00| 0 | ||
| 007 | ta | ||
| 008 | 220922b |||||||| |||| 00| 0 hin d | ||
| 024 | _a164,108 | ||
| 037 | _cTextual | ||
| 040 |
_aARTS _cARTS _bhin |
||
| 041 |
_2hin _ahin |
||
| 082 | _aO152,1N2:g, L3 | ||
| 100 | _aशरण, दीनानाथ | ||
| 245 | 0 | _aछायावाद विश्लेषण और मूल्यांकन ऐतिहासिक तुलनात्मक एवं व्याख्यात्मक समीक्षा | |
| 246 | _aChhāyāvād vishleṣhaṇ aur mūlyāankan aitihāsik tulanātmak evan vyākhyātmak samīkṣhā | ||
| 250 | _aसंस्क 3 | ||
| 260 |
_aलखनऊ _b नवयुग ग्रंथगार _c1973 |
||
| 300 |
_a315 पृ. _ccm. |
||
| 650 |
_aहिन्दी साहित्य _9156264 |
||
| 942 |
_hO152,1N2:g, L3 _cTEXL _2CC |
||
| 999 |
_c318588 _d318588 |
||